000 00282nam a22001097a 4500
008 160519b xxu||||| |||| 00| 0 eng d
020 _a0805379525
041 _aeng
080 _a612.39
245 _aNutrition: An applied approach:
_cJanice Thompson; Melinda Manore;
942 _2udc
_cBK
999 _c2229
_d2229